000 00827nam a2200241Ia 4500
003 OSt
005 20220926002830.0
006 a|||||r|||| 00| 0
007 ta
008 220923b |||||||| |||| 00| 0 eng d
020 _a9788125042976
_c255
037 _b4491, 11/11/2011, RAJKIRAN BOOK AGENCY
_cGeneral Book
040 _aRTL
_cRTL
_beng
041 _2eng
_aeng
082 _aY:3(Delta73).49G, Q1
100 _aPanjabi Kavita
_9275129
245 0 _aPoetics and politics of Sufism and Bhakti in South Asia
_b Love, loss and liberation
260 _a New Delhi
_bOrient Blackswan
_c2011
300 _ax, 305p
_ccm.
500 _aBibliography chapterwise
942 _hY:3(Delta73).49G, Q1
_cGB
_2CC
999 _c606133
_d606133